00385nam a2200145Ia 450000500170000000800410001702000150005808200130007310000200008624500390010626000480014530000120019365000220020565000120022720250616005445.0240331s9999 xx 000 0 und d a9559514717 bWIJa305 aWijeyasuriya, S 0aJathika ananyathawa hasanskruthiya aPannipityabTilak Printers ( Pvt) Ltdc1993 a90 p ., aNational Identity aCulture